000 01365cam a2200349 a 4500
999 _c129164
_d129164
001 13430403
003 ARRUPE
005 20190307114420.0
008 031119s2003 dcua rb 000 0 eng d
010 _a 2003384037
020 _a1589062213
035 _a(OCoLC)ocm53462872
040 _aUIA
_beng
_cUIA
_dDLC
042 _alccopycat
043 _ad------
050 0 0 _aHC59.7
_b.E43 2003
082 0 0 _a332/.042/091724
_222
245 0 0 _aEffects of financial globalization on developing countries :
_bsome empirical evidence /
_cEswar Prasad ... [et al.].
260 _aWashington, D.C. :
_bInternationl Monetary Fund,
_c2003.
300 _aix, 54 p. :
_bcol. ill. ;
_c28 cm.
490 1 _aOccasional paper ;
_v220
504 _aIncluye referencias bibliográficas (p. 46-52).
650 4 _aGlobalización.
_945104
650 0 _aFinance
_zDeveloping countries.
_924825
650 0 _aGlobalization
_zDeveloping countries.
_945105
651 4 _aPaíses en desarrollo.
_945106
700 1 _aPrasad, Eswar.
_945107
710 2 _aInternational Monetary Fund.
_926656
830 0 _aOccasional paper (International Monetary Fund) ;
_vno. 220.
_945108
856 4 1 _3Table of contents
_uhttp://www.loc.gov/catdir/toc/fy043/2003384037.html
906 _a7
_bcbc
_ccopycat
_d2
_encip
_f20
_gy-gencatlg
942 _2lcc
_cMONOGRAPH